000 02548cam a2200361 i 4500
001 22662637
003 OSt
005 20231004154858.0
008 220623s2023 nyu 000 1 eng
010 _a 2022025775
020 _a9780385549073
_q(hardcover)
020 _a9780593468418
_q(trade paperback)
020 _z9780385549080
_q(ebook)
040 _aDLC
_beng
_erda
_cDLC
_dDLC
042 _apcc
050 0 0 _aPR9199.3.A8
_bO43 2023
082 0 0 _a813.54
_bATW/O
100 _aAtwood, Margaret
_eauthor.
_95585
240 1 0 _aOld babes in the wood (Compilation)
245 1 0 _aOld babes in the wood :
_bstories /
_cMargaret Atwood.
250 _aFirst edition.
264 1 _aNew York :
_bDoubleday,
_c[2023]
300 _a257 pages ;
_c25 cm
336 _atext
_btxt
_2rdacontent
337 _aunmediated
_bn
_2rdamedia
338 _avolume
_bnc
_2rdacarrier
520 _a"Margaret Atwood has established herself as a beloved cultural icon and one of the most visionary and canonical authors of her generation. In this collection comprised of fifteen extraordinary stories-some of which have appeared in The New Yorker and The New York Times Magazine-Atwood speaks to our times with her characteristic wit and intellect. Of special significance are the seven works revolving around the long-term married couple Tig and Nell. Acting as bookends for the collection, these stories look deeply in the heart of what it means to spend a life together, with the four stories in Part I relating tales from their married life, and the three stories at the end showing Nell's reality in the aftermath of Tig's death. In other works, two sisters grapple with loss and memory in "Old Babes in the Wood"; "Impatient Griselda" reprises the folkloric role of Griselda in Bocaccio's The Decameron, exploring alienation and miscommunication; and "Evil Mother" touching on the fantastical, examining a mother-daughter relationship in which the mother purports to be a witch. Returning to short fiction for the first time since her 2014 collection, Stone Mattress, Atwood's storytelling gifts and unmistakable style are on full display"--
_cProvided by publisher.
655 7 _aShort stories.
_2lcgft
776 0 8 _iOnline version:
_aAtwood, Margaret.
_tOld babes in the wood
_bFirst edition.
_dNew York : Doubleday, 2023
_z9780385549080
_w(DLC) 2022025776
906 _a7
_bcbc
_corignew
_d1
_eecip
_f20
_gy-gencatlg
942 _2ddc
_cBK
_h813.54
_iATW/O
_k813.54
_mATW/O
999 _c42514
_d42514